Normal view
MARC view
Entry Topical Term
001 - CONTROL NUMBER
- control field: 1239035
003 - CONTROL NUMBER IDENTIFIER
- control field: OSt
005 - DATE AND TIME OF LATEST TRANSACTION
- control field: 20260511165747.0
008 - FIXED-LENGTH DATA ELEMENTS
- fixed length control field: 260511|| aca||aabn | a|a d
040 ## - CATALOGING SOURCE
- Original cataloging agency: OSt
- Transcribing agency: OSt
150 ## - HEADING--TOPICAL TERM
- Topical term or geographic name entry element: Great Britain-History
670 ## - SOURCE DATA FOUND
- Source citation: Work cat.: (OSt)992286: Hynes, Samuel 13776, Edvardian turn of mind, 1968.
